О гендерных вопросах воспитания детей; Молодой ученый; № 11 (91)

Бібліографічні деталі
Parent link:Молодой ученый: ежемесячный научный журнал.— , 2008-
№ 11 (91).— 2015.— [С. 1202-1204]
Автор: Кодермятов Р. Э.
Співавтор: Национальный исследовательский Томский политехнический университет (ТПУ) Институт неразрушающего контроля (ИНК) Кафедра иностранных языков Института неразрушающего контроля (ИЯНК)
Інші автори: Павловская Е. В., Тумакова Н. А. Наталия Александровна
Резюме:Заглавие с экрана
Мова:Російська
Опубліковано: 2015
Серія:Социология
Предмети:
Онлайн доступ:http://www.moluch.ru/archive/91/19833/
Формат: MixedMaterials Електронний ресурс Частина з книги
KOHA link:https://koha.lib.tpu.ru/cgi-bin/koha/opac-detail.pl?biblionumber=642522

MARC

LEADER 00000nla0a2200000 4500
001 642522
005 20250205142840.0
035 |a (RuTPU)RU\TPU\network\7479 
035 |a RU\TPU\network\7478 
090 |a 642522 
100 |a 20150626d2015 k||y0rusy50 ca 
101 0 |a rus 
102 |a RU 
135 |a drcn ---uucaa 
181 0 |a i  
182 0 |a b 
200 1 |a О гендерных вопросах воспитания детей  |f Р. Э. Кодермятов, Е. В. Павловская, Н. А. Тумакова 
203 |a Текст  |c электронный 
225 1 |a Социология 
300 |a Заглавие с экрана 
320 |a [Библиогр.: с. 1204 (7 назв.)] 
461 |t Молодой ученый  |o ежемесячный научный журнал  |d 2008- 
463 |t № 11 (91)  |v [С. 1202-1204]  |d 2015 
610 1 |a электронный ресурс 
610 1 |a труды учёных ТПУ 
610 1 |a гендер 
610 1 |a социум 
610 1 |a анатомическое строение 
610 1 |a воспитательный процесс 
610 1 |a дети 
700 1 |a Кодермятов  |b Р. Э. 
701 1 |a Павловская  |b Е. В. 
701 1 |a Тумакова  |b Н. А.  |c лингвист  |c специалист по учебно-методической работе Томского политехнического университета  |f 1977-  |g Наталия Александровна  |3 (RuTPU)RU\TPU\pers\32594 
712 0 2 |a Национальный исследовательский Томский политехнический университет (ТПУ)  |b Институт неразрушающего контроля (ИНК)  |b Кафедра иностранных языков Института неразрушающего контроля (ИЯНК)  |3 (RuTPU)RU\TPU\col\18721 
801 2 |a RU  |b 63413507  |c 20150626  |g RCR 
856 4 0 |u http://www.moluch.ru/archive/91/19833/ 
942 |c CF